Firefly Episode titles Quiz Stats

Quiz not verified by Sporcle

Challenge
Share
Tweet
Embed
Score 0/14 Timer 10:00
0 Plays Today
% Correct
Serenity
95.7%
Train Job
95.7%
Our Mrs. Reynolds
91.4%
Ariel
91.4%
Out of gas
90.5%
Jaynestown
88.8%
Bushwhacked
84.5%
% Correct
Shindig
84.5%
Objects in Space
84.5%
Trash
83.6%
Safe
81.9%
War Stories
81.9%
Heart of Gold
80.2%
The Message
75.9%

You're not logged in!

Compare scores with friends on all Sporcle quizzes.
Join for Free
OR
Log In

You Might Also Like...

Show Comments

Extras

Created May 15, 2010SourceReportNominate
Tags:episode, firefly

Top Quizzes Today


Score Distribution

Your Account Isn't Verified!

In order to create a playlist on Sporcle, you need to verify the email address you used during registration. Go to your Sporcle Settings to finish the process.

Report this User

Report this user for behavior that violates our Community Guidelines.

Details: